Gaming Quiz

Random Gaming Quiz

Club Penguin Mascots Quiz Stats

Quiz not verified by Sporcle

Challenge
Share
Tweet
Embed
Score 0/11 Timer 03:00
0 Plays Today
Penguin % Correct
Rockhopper
92.3%
Gary
88.5%
Cadence
75%
Rookie
75%
Aunt Arctic
71.2%
Franky
59.6%
Sensei
59.6%
Stompin' Bob
55.8%
G Billy
53.8%
Petey K
53.8%
Puffle Handler
38.5%

You're not logged in!

Compare scores with friends on all Sporcle quizzes.
Sign Up with Email
OR
Log In

You Might Also Like...

Show Comments

Extras

Top Quizzes Today


Score Distribution

Your Account Isn't Verified!

In order to create a playlist on Sporcle, you need to verify the email address you used during registration. Go to your Sporcle Settings to finish the process.